| 000 | 00944cam7a220028900 4500 | ||
|---|---|---|---|
| 001 | lce00508983 | ||
| 008 | 791010s1977 ii af 001 0 eng | ||
| 010 | _a 78901304 //r832 | ||
| 020 | _cRs60.00 | ||
| 035 | _a(Sirsi) r70786 | ||
| 035 | _a(DLC) 78901304 //r832 | ||
| 035 | _a(UPRA)lce00508983 | ||
| 041 | 1 |
_aeng guj _heng guj |
|
| 050 | 0 |
_aBL1245.S9 _bA2513 |
|
| 082 | 0 |
_a294.5/4 _219 |
|
| 100 | 0 |
_cSwami, d8.1..14.10 _6A31951.1 |
|
| 240 | 1 | 0 |
_aVacanamrta. English _lVacanamrta. English |
| 245 | 1 | 0 |
_aShree Swaminarayan's Vachanamritam / _ctranslated by H. T. Dave ; with a foreword by Swami Ranganathananda. |
| 250 | _a1st ed. | ||
| 260 |
_aBombay : _bBharatiya Vidya Bhavan, _c1977. |
||
| 500 | _aTranslation of Vacanamrta. | ||
| 500 | _aIncludes quotations in Sanskrit. | ||
| 500 | _aIncludes index. | ||
| 650 | 0 | 0 |
_aSwami-Narayanis. _6S23800.1 |
| 949 |
_aBL1245.S9 _wlcc _i-95781 _mMAIN _tBOOK _lON-SHELF |
||
| 004 | 70786 | ||
| 999 |
_c192621 _d192621 |
||